Human dimensions of ecological restoration : Intergrating Science, Nature, and Culture
Human Dimensions of Ecological Restoration takes an interdisciplinary look at the myriad human aspects of ecological restoration. In twenty-six chapters written by experts from around the world, it provides practical and theoretical information, analysis, models, and guidelines for optimizing human...
Đã lưu trong:
| Định dạng: | Sách |
|---|---|
| Ngôn ngữ: | Undetermined |
| Được phát hành: |
London
Island Press
2011
|
| Những chủ đề: | |
| Các nhãn: |
Thêm thẻ
Không có thẻ, Là người đầu tiên thẻ bản ghi này!
|
| Thư viện lưu trữ: | Trung tâm Học liệu Trường Đại học Cần Thơ |
|---|
| LEADER | 01074nam a2200217Ia 4500 | ||
|---|---|---|---|
| 001 | CTU_209908 | ||
| 008 | 210402s9999 xx 000 0 und d | ||
| 020 | |c 50.00 | ||
| 082 | |a 639.9 | ||
| 082 | |b H918 | ||
| 245 | 0 | |a Human dimensions of ecological restoration : | |
| 245 | 0 | |b Intergrating Science, Nature, and Culture | |
| 245 | 0 | |c Dave Egan, Evan E. Hjerpe, Jesse Abrams (Edited by) | |
| 260 | |a London | ||
| 260 | |b Island Press | ||
| 260 | |c 2011 | ||
| 520 | |a Human Dimensions of Ecological Restoration takes an interdisciplinary look at the myriad human aspects of ecological restoration. In twenty-six chapters written by experts from around the world, it provides practical and theoretical information, analysis, models, and guidelines for optimizing human involvement in restoration projects | ||
| 650 | |a Khoa học môi trường,Enviroment sciences,Enviroment management,Quản lý môi trường | ||
| 650 | |x Triết học,Philosophy | ||
| 904 | |i Huỳnh Nhựt Tân, Tuyến | ||
| 980 | |a Trung tâm Học liệu Trường Đại học Cần Thơ | ||